000 00561nam a2200193Ia 4500
003 IN-BaIIA
008 211028s9999 xx 000 0 eng d
040 _cIIA Library
080 _a539.2
_bGRE
100 _aGreen, H. S.
_94582
245 0 _aOrder-disorder phenomena
_cH.S. Green and C.A. Hurst
260 _aNew York
_bJohn Wiley & Sons
_c1964
300 _ax, 363p.
490 _aMonographs in statistical physics and thermodynamics; v. 5
650 _aNASA thesaurus
650 _aPhase transitions
_94583
650 _aSolid state physics
942 _cBK
999 _c2574
_d2574